Homografía y homología (Record no. 34164)

MARC details
000 -LEADER
campo de control de longitud fija 00536nam a2200157 i 4500
001 - NÚMERO DE CONTROL
campo de control 34164
003 - IDENTIFICADOR DE NÚMERO DE CONTROL
campo de control ES-MaACL
007 - CAMPO FIJO DE DESCRIPCIÓN FÍSICA--INFORMACIÓN GENERAL
campo de control de longitud fija t|
008 - DATOS DE LONGITUD FIJA--INFORMACIÓN GENERAL
campo de control de longitud fija 030204s1954 sp ||||1| spa d
100 1# - ENTRADA PRINCIPAL--NOMBRE DE PERSONA
Nombre de persona Blanco Blanco, José.
9 (RLIN) 29227
245 10 - MENCIÓN DEL TÍTULO
Título Homografía y homología
Resto del título : texto correspondiente a los programas vigentes para el ingreso en la Academia General aprobados 1953 /
Mención de responsabilidad, etc. José Blanco Blanco.
250 ## - MENCION DE EDICION
Mención de edición 1ª ed.
260 ## - PUBLICACIÓN, DISTRIBUCIÓN, ETC.
Lugar de publicación, distribución, etc. Lérida :
Nombre del editor, distribuidor, etc. La Editora Leridana,
Fecha de publicación, distribución, etc. 1954.
300 ## - DESCRIPCIÓN FÍSICA
Extensión 137 p. ;
Dimensiones 22 cm.
852 ## - LOCALIZACIÓN
Ubicación ES-MaACL
Número de control de estantería C-6546
Sublocalización o colección R.35909
Holdings
Estatus retirado Estado de pérdida Estado de daño No para préstamo Biblioteca de origen Biblioteca actual Ubicación en estantería Fecha de adquisición Fuente de adquisición Total de préstamos Signatura topográfica completa Código de barras Visto por última vez Precio de reemplazo Tipo de ítem Koha
        Biblioteca del Ateneo de Madrid Biblioteca del Ateneo de Madrid Sala Palomar 17/01/2008     C-6546 1035617 23/02/2023 23/02/2023 Libro impreso